MARC details
| 000 -LEADER |
| fixed length control field |
01116nam a2200349Ia 4500 |
| 001 - CONTROL NUMBER |
| control field |
41141043 |
| 003 - CONTROL NUMBER IDENTIFIER |
| control field |
TR-AnTOB |
| 005 - DATE AND TIME OF LATEST TRANSACTION |
| control field |
20230713114428.0 |
| 007 - PHYSICAL DESCRIPTION FIXED FIELD--GENERAL INFORMATION |
| fixed length control field |
ta |
| 008 - FIXED-LENGTH DATA ELEMENTS--GENERAL INFORMATION |
| fixed length control field |
990409s1998 tu b 000 0 tur d |
| 020 ## - INTERNATIONAL STANDARD BOOK NUMBER |
| International Standard Book Number |
9753161425 |
| 040 ## - CATALOGING SOURCE |
| Original cataloging agency |
OSU |
| Transcribing agency |
TR-AnTOB |
| Modifying agency |
BGZ |
| Language of cataloging |
eng |
| Description conventions |
rda |
| 041 0# - LANGUAGE CODE |
| Language code of text/sound track or separate title |
Türkçe |
| 043 ## - GEOGRAPHIC AREA CODE |
| Geographic area code |
a-tu--- |
| 049 ## - LOCAL HOLDINGS (OCLC) |
| Holding library |
BGZA |
| 050 ## - LIBRARY OF CONGRESS CALL NUMBER |
| Classification number |
DR477 |
| 090 ## - LOCALLY ASSIGNED LC-TYPE CALL NUMBER (OCLC); LOCAL CALL NUMBER (RLIN) |
| Classification number (OCLC) (R) ; Classification number, CALL (RLIN) (NR) |
DR477 |
| Local cutter number (OCLC) ; Book number/undivided call number, CALL (RLIN) |
.D54 1998 |
| 100 1# - MAIN ENTRY--PERSONAL NAME |
| Personal name |
Dilan, H. Berke |
| Relator code |
author |
| 9 (RLIN) |
14277 |
| 245 10 - TITLE STATEMENT |
| Title |
Türkiye'nin dış politikası : |
| Remainder of title |
1923-1939 / |
| Statement of responsibility, etc. |
Hasan Berke Dilan. |
| 246 14 - VARYING FORM OF TITLE |
| Title proper/short title |
Atatürk dönemi Türkiye'nin dış politikası, 1923-1939 |
| 264 ## - PRODUCTION, PUBLICATION, DISTRIBUTION, MANUFACTURE, AND COPYRIGHT NOTICE |
| Place of production, publication, distribution, manufacture |
İstanbul : |
| Name of producer, publisher, distributor, manufacturer |
Alfa Basım Yayım Dağıtım, |
| Date of production, publication, distribution, manufacture, or copyright notice |
1998. |
| 300 ## - PHYSICAL DESCRIPTION |
| Extent |
xi, 215 p. ; |
| Dimensions |
20 cm. |
| 336 ## - CONTENT TYPE |
| Source |
rdacontent |
| Content type term |
text |
| Content type code |
txt |
| 337 ## - MEDIA TYPE |
| Source |
rdamedia |
| Media type term |
unmediated |
| Media type code |
n |
| 338 ## - CARRIER TYPE |
| Source |
rdacarrier |
| Carrier type term |
volume |
| Carrier type code |
nc |
| 490 0# - SERIES STATEMENT |
| Series statement |
Alfa ; |
| Volume/sequential designation |
yayın no. 492. |
| Series statement |
Tarih dizisi ; |
| Volume/sequential designation |
no. 17 |
| 500 ## - GENERAL NOTE |
| General note |
"Yayın no. 492"--Verso of t.p. |
| 651 #7 - SUBJECT ADDED ENTRY--GEOGRAPHIC NAME |
| Geographic name |
Türkiye |
| General subdivision |
Dış ilişkiler |
| Chronological subdivision |
1918-1960 |
| Source of heading or term |
etuturkob |
| 9 (RLIN) |
45023 |
|
| Geographic name |
Türkiye |
| General subdivision |
Siyaset ve yönetim |
| Chronological subdivision |
1918-1960 |
| 9 (RLIN) |
86916 |
| 942 ## - ADDED ENTRY ELEMENTS (KOHA) |
| Source of classification or shelving scheme |
Library of Congress Classification |
| Koha item type |
Book |